000
00289nam a2200109Ia 4500
008
230907s9999||||xx |||||||||||||| ||und||
082
_a
621.3815,HOS
100
_a
Hossain, Jahangir.
_9
115121
245
0
_a
Robust control for grid voltage stability :
300
_a
xvii,311p.:
942
_c
BK
999
_c
597627
_d
597627